Statystyki dla Warszawa: która dzielnica? (Warsaw: which district?) #2

Kliknij tutaj aby rozwiązać quiz!

Ogólne statystyki

  • Ten quiz został rozwiązany 314 razy
  • Średni wynik to 10 z 18

Statystyki odpowiedzi

HintOdpowiedź% Poprawnych
ul. WiejskaŚródmieście
80%
ul. TrockaTargówek
79%
Wał MiedzeszyńskiWawer
74%
ul. ZąbkowskaPraga Północ
72%
ul. WawelskaOchota
64%
ul. KonwiktorskaŚródmieście
57%
ul. Jana RosołaUrsynów
57%
ul. DeotymyWola
57%
ul. GrenadierówPraga Południe
56%
ul. Juliusza SłowackiegoŻoliborz
54%
ul. MyśliborskaBiałołęka
53%
ul. WrocławskaBemowo
52%
ul. Przy AgorzeBielany
52%
ul. Dzieci WarszawyUrsus
51%
ul. św. Andrzeja BoboliMokotów
49%
ul. 17 styczniaWłochy
48%
al. RzeczypospolitejWilanów
46%
gen. Antoniego Chruściela "Montera"Rembertów
32%

Rozkład punktacji

Percentyl według liczby udzielonych odpowiedzi

Procent ludzi z każdym wynikiem

Twoja historia wyników

Nie rozwiązałeś tego quizu